NBA 2022-2023 Standings - Statistics

General Stats
  • This quiz has been taken 178 times
  • The average score is 24 of 30
Answer Stats
Seed Team % Correct
West 1 Nuggets
99%
East 1 Bucks
90%
East 2 Celtics
88%
West 7 Lakers
88%
West 2 Grizzlies
86%
East 7 Heat
86%
West 5 Clippers
85%
West 3 Kings
85%
West 15 Spurs
85%
West 4 Suns
85%
West 6 Warriors
85%
East 3 76ers
84%
East 4 Cavaliers
82%
East 5 Knicks
82%
East 6 Nets
82%
West 10 Thunder
82%
East 8 Hawks
80%
West 11 Mavericks
80%
East 15 Pistons
80%
West 8 Timberwolves
80%
West 14 Rockets
79%
West 13 Trailblazers
78%
East 10 Bulls
76%
East 14 Hornets
75%
East 13 Magic
75%
East 9 Raptors
75%
West 12 Jazz
74%
East 11 Pacers
74%
West 9 Pelicans
74%
East 12 Wizards
71%
No matching quizzes found
Score Distribution
Percent of People with Each Score
Percentile by Number Answered
Your Score History
You have not taken this quiz